The man from krypton. (Record no. 16635)

000 -LEADER
fixed length control field 00489nam a2200169 a 4500
001 - CONTROL NUMBER
control field :::00019809$&:&@@
003 - CONTROL NUMBER IDENTIFIER
control field OkBaRHE
005 - DATE AND TIME OF LATEST TRANSACTION
control field 20011102162539.0
008 - FIXED-LENGTH DATA ELEMENTS--GENERAL INFORMATION
fixed length control field s1978 j 000 0 eng u
040 ## - CATALOGING SOURCE
Transcribing agency
100 1# - MAIN ENTRY--PERSONAL NAME
Personal name White, John Wesley
245 14 - TITLE STATEMENT
Title The man from krypton.
260 ## - PUBLICATION, DISTRIBUTION, ETC. (IMPRINT)
Place of publication, distribution, etc Minneapolis, MN
Name of publisher, distributor, etc Bethany Fellowship
Date of publication, distribution, etc 1978
300 ## - PHYSICAL DESCRIPTION
Extent 175 p.
942 ## - ADDED ENTRY ELEMENTS (KOHA)
Source of classification or shelving scheme
Koha item type Books
Copies
Shelving location Barcode Source of classification or shelving scheme Lost status Full call number Date last seen Total Checkouts Not for loan Current Location Withdrawn status Damaged status Price effective from Date acquired Koha item type Permanent Location Copy number Date checked out
General Stacks19809 Long Overdue (Lost)BT 1102 .W4772019-12-021 RHEMA Bible Training College  2010-04-142010-04-14BooksRHEMA Bible Training College12013-09-20